-Ology's Quiz Stats

 Plays Quiz not verified by Sporcle

Score 0/15 Timer 02:00
0 Plays Today
Focuses on... -Ology % Correct
Living thingsBiology
91%
AnimalsZoology
73.6%
Prehistory and human history through excavation and remainsArcheology
73.6%
Celestial bodies having an influence on humans and EarthAstrology
71.5%
The human mindPsychology
70.8%
Religous beliefTheology
66%
The development and structure of human societySociology
59%
HumankindAnthropology
57.6%
Focuses on... -Ology % Correct
The nerves and nervous systemNeurology
54.2%
The relationship between organsisms and their environmentEcology
48.6%
The health and diseases of femalesGynecology
40.3%
The processes of the atmosphereMeteorology
31.9%
The cause and effects of diseasesPathology
25.7%
The normal function of living organsimsPhysiology
22.2%
Historical recordsChronology
10.4%

You're not logged in!

Compare scores with friends on all Sporcle quizzes.
OR
Log In

Show Comments

Extras

Top Quizzes Today


Score Distribution

Your Account Isn't Verified!

In order to create a playlist on Sporcle, you need to verify the email address you used during registration. Go to your Sporcle Settings to finish the process.

Report this User

Report this user for behavior that violates our Community Guidelines.

Details: